Les 20 plus gros transferts de l'Histoire du Football (en 2022) - Statistiques

Statistiques générales
  • Ce quiz a été pris 1 399 fois
  • Le résultat moyen est 16 sur 20
Statistiques - réponses
prix (en millions €) club vendeur club acquéreur Joueur % Correct
180 AS Monaco PSG Kylian Mbappé
99%
222 FC Barceloone PSG Neymar Jr
99%
88 Santos FC Barcelone Neymar Jr
99%
117 Real Madrid Juventus Cristiano Ronaldo
95%
94 Manchester United Real Madrid Cristiano Ronaldo
95%
120 Atletico Madrid FC Barcelone Antoine Griezmann
93%
140 Borussia Dortmnd FC Barcelone Ousmane Dembélé
89%
127,20 Benfica Atletico Madrid João Félix
84%
105 Juventus Manchester United Paul Pogba
82%
117,50 Aston Villa Manchester City Jack Grealish
81%
113 Inter Milan Chelsea Romelu Lukaku
78%
115 Chelsea Real Madrid Eden Hazard
77%
86 Ajax Amsterdam FC Barcelone Frenkie de Jong
77%
135 Liverpool FC Barcelone Philippe Coutinho
77%
101 Tottenham Real Madrid Gareth Bale
76%
85,50 Ajax Amsterdam Juventus Matthijs de Ligt
72%
87 Leicester Manchester United Harry Maguire
68%
85 Borussia Dortmund Manchester United Jadon Sancho
67%
95 Ajax Amsterdam Manchester United Antony
61%
90 Napoli Juventus Gonzalo Higuain
53%
Aucun quiz correspondant
Distribution des résultats
% des personnes avec chaque résultat
Percentile par nombre de réponses
Votre historique - résultats
Vous n’avez pas pris ce quiz